00486nam a22001817a 4500003000400000005001700004008004100021010001300062020002400075035001300099040001500112082001100127100001600138245004100154260003400195270005900229300001600288dpl20180918115657.0180918b ||||| |||| 00| 0 eng d aB-228239 a9788189013387c0.00 aB-228239 aDPLbENc0 aNbDHA aDhar, Payal aShadow in enternity /cby Payal dhar aNew DelhibPuffin Booksc2006 a11community centre, panchsheel parkbNew Delhie110017 a290.:c20cm